Missing word: Skyrim Races by clue Quiz Stats

 Plays Quiz not verified by Sporcle

Challenge
Share
Tweet
Embed
Score 0/10 Timer 02:00
0 Plays Today
Hint Race % Correct
Like Leif Ericson or Hagar the Horrible.Nord
98%
Darth Vader's kind of elf?Dark Elf
96.8%
Goes berserk in battle.Orc
95.8%
Pointy-eared elitist?High Elf
95.4%
Like Legolas.Wood Elf
95.2%
Can breathe underwater.Argonian
94.3%
I found a penny!Imperial
93.3%
Usually in a rush to battle.Redguard
89.7%
Scrappy conjurors.Breton
87.7%
Can see in the dark.Khajiit
84.2%

You're not logged in!

Compare scores with friends on all Sporcle quizzes.
OR
Log In

You Might Also Like...

Show Comments

Extras

Top Quizzes Today


Score Distribution

Your Account Isn't Verified!

In order to create a playlist on Sporcle, you need to verify the email address you used during registration. Go to your Sporcle Settings to finish the process.

Report this User

Report this user for behavior that violates our Community Guidelines.

Details: